Quizzes
Events
Quiz Creation
Community
Videos
Private Events
Remove Ads
Sign In
Join for FREE
Feedback
Dark Mode
Quiz Categories
Sports
Geography
Music
Movies
Television
Just For Fun
Miscellaneous
History
Literature
Language
Science
Gaming
Entertainment
Religion
Holiday
For Kids
Quiz Lab
Recent
Popular Today
Quiz Kudos Today
Editor Picks
Curator Picks
Quizzes by...
Day
Popularity
Type
Ratings
Length
Year
Community
Subscriptions
Recent Discussions
Orange Saloon
Badges
Playlists
Quests
Create
Leaderboards
Showdown
Live 5
Trivia Bingo
Activity
Puzzle Library
Sporcle Events
Private Events
Virtual Trivia
Globe League
Become a Host
Pub Owners
SporcleCon
Opinionation
Our Games
Videos
Blog
Mobile Apps
Partnerships
Remove Ads and Go Orange
Feedback
Sports
Athletes
MLB
NBA
NHL
NFL
Soccer
Sports Teams
WWE
NCAA
Football
Premier League
Basketball
Baseball
Hockey
Golf
Tennis
Cricket
Rugby
Auto Racing
Olympics
World Cup
Sports
Athletes
MLB
NBA
NHL
NFL
Soccer
Sports Teams
WWE
NCAA
Football
Premier League
Basketball
Baseball
Hockey
Golf
Tennis
Cricket
Rugby
Auto Racing
Olympics
World Cup
Random Quiz
Search Sporcle
×
Quiz Lab
Quiz Lab
Sports
NFL
Type in answers that appear in a list
Type in answers that appear in a list
Classic
Best Score? Go Orange.
1st Round NFL Draft Picks 2003-2011 Stats
Can you name the 1st Round NFL Draft Picks from 2003-2011?
By
nfldarinh
20m
287 Questions
1,194 Plays
1,194 Plays
1,194 Plays
Comments
Comments
Give Quiz Kudos
Give Quiz Kudos
-
- Ratings
hide this ad
More Info
Replay
Link that replays current quiz
Next Quiz
Link to next quiz in quiz playlist
You Got
0%
They Got
Avg Score
67%
Avg Friend Score
Upgrade to see
Score Distribution
Jump to the score distribution portion of the page
Score
0/287
Timer
20:00
0
Plays Today
Year
Player
% Correct
2011
Cam Newton
98.8%
2011
Julio Jones
95.1%
2009
Jason Smith
95%
2009
Andre Smith
95%
2011
Aldon Smith
94.9%
2011
Tyron Smith
94.9%
2011
Jimmy Smith
94.9%
2008
Felix Jones
94.9%
2005
Alex Smith
94.9%
2004
Will Smith
94.9%
2011
Von Miller
94.8%
2011
A.J. Green
94.8%
2005
Pacman Jones
94.8%
2005
Matt Jones
94.8%
2004
Kevin Jones
94.8%
2005
Heath Miller
94.1%
2011
Patrick Peterson
93.5%
2007
Adrian Peterson
93.3%
2010
Sam Bradford
92.5%
2008
Chris Johnson
92.4%
2007
Calvin Johnson
92.4%
2005
Derrick O. Johnson
92.4%
2005
Travis Johnson
92.4%
2003
Andre Johnson
92.4%
2003
Bryant Johnson
92.4%
2003
Larry Johnson
92.4%
2008
Chris Williams
91.8%
2006
Mario Williams
91.8%
2010
Trent Williams
91.7%
2010
Dan Williams
91.7%
2009
Matthew Stafford
91.7%
2006
DeAngelo Williams
91.7%
2005
Cadillac Williams
91.7%
2005
Mike Williams
91.7%
2004
Roy E. Williams
91.7%
2004
Reggie Williams
91.7%
2004
D.J. Williams
91.7%
2003
Kevin Williams
91.7%
2010
Ndamukong Suh
91.2%
2009
Donald Brown
89.6%
2008
Duane Brown
89.6%
2007
Levi Brown
89.6%
2005
Ronnie Brown
89.5%
2005
Jammal Brown
89.5%
2011
Jake Locker
88.7%
2011
Christian Ponder
88.3%
2008
Jake Long
88.2%
2008
Chris Long
88.2%
2011
Blaine Gabbert
88%
2009
Tyson Jackson
87.7%
2007
JaMarcus Russell
87.7%
2010
Kareem Jackson
87.6%
2008
Lawrence Jackson
87.6%
2005
Marlin Jackson
87.6%
2004
Steven Jackson
87.6%
2008
Matt Ryan
87.5%
2011
J.J. Watt
87.1%
2009
Mark Sanchez
87%
2004
Philip Rivers
86%
2008
Keith Rivers
85.9%
2006
Reggie Bush
85.7%
2004
Eli Manning
85.7%
2010
Earl Thomas
85.6%
2007
Joe Thomas
85.6%
2010
Demaryius Thomas
85.5%
2008
Darren McFadden
84.9%
2011
Robert Quinn
84.8%
2007
Brady Quinn
84.7%
2006
Vince Young
84.7%
2005
Thomas Davis
84.5%
2010
Anthony Davis
84.4%
2009
Vontae Davis
84.4%
2007
Craig Davis
84.4%
2006
Vernon Davis
84.4%
2003
Sammy Davis
84.4%
2010
Tim Tebow
84.3%
2009
Michael Crabtree
84.1%
2005
Aaron Rodgers
83.7%
2003
Carson Palmer
83.5%
2011
Mike Pouncey
83.1%
2010
Maurkice Pouncey
83.1%
2010
C.J. Spiller
82.9%
2008
Joe Flacco
82.9%
2011
Cam Heyward
82.8%
2009
Josh Freeman
82.6%
2009
Clay Matthews
82.6%
2010
Gerald McCoy
81.9%
2004
Larry Fitzgerald
81.4%
2010
Dez Bryant
81.1%
2006
Matt Leinart
81%
2011
Phil Taylor
80.9%
2004
Sean Taylor
80.9%
2011
Mark Ingram
80.6%
2010
Ryan Mathews
80.6%
2009
Knowshon Moreno
80.3%
2009
Percy Harvin
79.8%
Year
Player
% Correct
2009
Darrius Heyward-Bey
79.3%
2006
Jay Cutler
79.3%
2009
Jeremy Maclin
79.2%
2006
A.J. Hawk
77.9%
2011
Nick Fairley
77.8%
2005
Braylon Edwards
77.8%
2010
Eric Berry
77.1%
2009
Hakeem Nicks
76.9%
2004
Ben Roethlisberger
76.5%
2009
B.J. Raji
76.4%
2005
Cedric Benson
76.1%
2009
Chris Wells
75.8%
2009
Aaron Curry
75.7%
2007
Marshawn Lynch
75.7%
2005
Roddy White
75.4%
2005
Carlos Rogers
75.3%
2003
Charles Rogers
75.3%
2007
Ted Ginn Jr.
74.7%
2011
Marcell Dareus
74.3%
2004
Kellen Winslow Jr.
74.1%
2008
Jonathan Stewart
73.6%
2006
D'Brickashaw Ferguson
73.6%
2009
Brian Cushing
73.5%
2008
Rashard Mendenhall
73.5%
2007
Dwayne Bowe
73.5%
2009
Kenny Britt
72.5%
2010
Jason Pierre-Paul
72.3%
2010
Joe Haden
72.2%
2003
Byron Leftwich
72.1%
2010
Jahvid Best
71.7%
2003
Jordan Gross
71.4%
2006
Marcedes Lewis
71.2%
2007
Darrelle Revis
70.9%
2004
Robert Gallery
70.9%
2009
Malcolm Jenkins
70.6%
2008
Mike Jenkins
70.6%
2004
Michael Jenkins
70.5%
2005
DeMarcus Ware
70.4%
2009
Alex Mack
70.3%
2009
Michael Oher
70.2%
2006
Santonio Holmes
70%
2010
Kyle Wilson
69.9%
2011
Ryan Kerrigan
69.5%
2010
Russell Okung
69.4%
2007
Leon Hall
69.4%
2005
Jason Campbell
69.4%
2004
DeAngelo Hall
69.3%
2010
Rolando McClain
69.2%
2011
Nate Solder
68.9%
2007
Patrick Willis
68.9%
2006
Haloti Ngata
68.4%
2009
Eric Wood
68.3%
2007
Gaines Adams
68.1%
2006
Joseph Addai
68.1%
2008
Jerod Mayo
67.9%
2010
Patrick Robinson
67.7%
2004
Dunta Robinson
67.7%
2009
Brandon Pettigrew
67.4%
2004
Lee Evans
67.3%
2010
Jermaine Gresham
67.2%
2009
Brian Orakpo
67.1%
2003
Rex Grossman
67%
2011
Prince Amukamara
66.7%
2008
Glenn Dorsey
66.6%
2006
Michael Huff
65.8%
2005
Troy Williamson
64.5%
2010
Devin McCourty
64.4%
2006
Laurence Maroney
64.2%
2010
Brandon Graham
64%
2007
Anthony Gonzalez
64%
2003
Kyle Boller
64%
2008
Vernon Gholston
63.9%
2004
J.P. Losman
63.8%
2004
Tommie Harris
63.5%
2003
Kwame Harris
63.4%
2007
Greg Olsen
63.3%
2007
LaRon Landry
63.3%
2003
Terrell Suggs
63.2%
2007
Jamaal Anderson
63%
2011
Jonathan Baldwin
62.2%
2011
Muhammad Wilkerson
62.2%
2010
Mike Iupati
61.9%
2006
Nick Mangold
61.8%
2011
Cameron Jordan
61.4%
2008
Dustin Keller
61.2%
2010
Bryan Bulaga
61.1%
2011
James Carpenter
61%
2006
Bobby Carpenter
61%
2005
Shawne Merriman
60.9%
2005
Mark Clayton
60.7%
2004
Michael Clayton
60.7%
2008
Aqib Talib
60.5%
2003
Dallas Clark
60.4%
2006
Antonio Cromartie
60%
2010
Tyson Alualu
59.8%
2008
Ryan Clady
59.6%
Year
Player
% Correct
2009
Eugene Monroe
59.6%
2008
Dominique Rodgers-Cromartie
59.1%
2007
Robert Meachem
58.7%
2004
Vince Wilfork
58.7%
2006
Chad Greenway
58.4%
2003
Terence Newman
58.1%
2009
Aaron Maybin
58%
2008
Sedrick Ellis
57.3%
2007
Amobi Okoye
57.1%
2004
Chris Perry
56.5%
2006
Ernie Sims
56.5%
2010
Jerry Hughes
56.4%
2003
Willis McGahee
56%
2011
Adrian Clayborn
55.9%
2010
Derrick Morgan
55.9%
2007
Michael Griffin
55.4%
2009
Evander Hood
55.3%
2006
Jason Allen
55%
2005
Antrel Rolle
55%
2007
Lawrence Timmons
54.9%
2008
Leodis McKelvin
54.3%
2006
Davin Joseph
53.8%
2006
Johnathan Joseph
53.8%
2003
William Joseph
53.8%
2006
Donte Whitner
53.4%
2005
Logan Mankins
53.4%
2010
Sean Weatherspoon
53.3%
2011
Gabe Carimi
53.1%
2003
Dewayne Robertson
53.1%
2007
Jon Beason
52.5%
2003
Troy Polamalu
52.4%
2004
Ben Watson
52.3%
2006
Tamba Hali
52.1%
2004
Jonathan Vilma
51.9%
2008
Derrick Harvey
51.8%
2008
Kenny Phillips
51.8%
2011
Danny Watkins
51.6%
2009
Larry English
51.1%
2007
Joe Staley
51.1%
2011
Corey Liuget
50.3%
2007
Aaron Ross
50.3%
2011
Anthony Castonzo
50.2%
2008
Sam Baker
49.7%
2005
Erasmus James
49.7%
2006
Tye Hill
49.2%
2005
Mike Patterson
48.9%
2007
Ben Grubbs
48.4%
2009
Peria Jerry
48.2%
2006
Mathias Kiwanuka
48.2%
2007
Brandon Meriweather
47.8%
2008
Jeff Otah
47.4%
2009
Robert Ayers
47.3%
2007
Anthony Spencer
46.6%
2008
Branden Albert
46.6%
2005
Chris Spencer
46.6%
2010
Jared Odrick
46%
2006
Brodrick Bunkley
45.9%
2007
Adam Carriker
45.3%
2007
Reggie Nelson
45.3%
2011
Derek Sherrod
44.8%
2004
Rashaun Woods
43.6%
2008
Gosder Cherilus
43.5%
2003
Marcus Trufant
43.2%
2003
Nnamdi Asomugha
43%
2007
Jarvis Moss
42.8%
2008
Antoine Cason
42.5%
2004
Chris Gamble
42.4%
2006
Kamerion Wimbley
42.3%
2004
Shawn Andrews
41.8%
2005
David Pollack
41.4%
2006
Kelly Jennings
40.9%
2005
Marcus R. Spears
39.8%
2005
Fabian Washington
39%
2004
Jason Babin
37.5%
2005
Luis Castillo
37.2%
2007
Justin Harrell
36.8%
2006
Manny Lawson
35.5%
2003
Ty Warren
34.9%
2004
Kenechi Udeze
34.4%
2006
John McCargo
34.2%
2005
Alex Barron
34.2%
2003
Johnathan Sullivan
32.4%
2008
Kentwan Balmer
32%
2004
Vernon Carey
30.9%
2003
Nick Barnett
30.8%
2003
Michael Haynes
28.6%
2004
Ahmad Carroll
28.5%
2003
Calvin Pace
28.3%
2003
Jeff Faine
26.7%
2003
Jimmy Kennedy
26%
2004
Marcus Tubbs
24.9%
2003
Tyler Brayton
24.8%
2003
Jerome McDougle
23.8%
2003
George Foster
22.9%
2003
Andre Woolfolk
18.5%
Quiz Playlist
Details
Report
Send in Message
Add To Playlist
More Info:
Name the 1st Round NFL Draft Picks for the last 9 Years. Left column shows drafted position, school, and NFL team selected by.
Classic:
Type in answers that appear in a list
Quiz Source
Last Updated: Feb 16, 2017
Quiz Scoreboard
CHALLENGE
Sign Up to Join the Scoreboard
Show All
Scores
Hide
Comments
May contain spoilers
Recently Published
Popular People in 1961
by mucciniale
History
6m
1-10 Letter E Words III
by El_Dandy
Language
2m
One Thing in Common: World Cities II
by knightlancer
Geography
7m
More to Explore
Quiz From the Vault
Featured Blog Post
Where Did the Easter Bunny Come From?
hide this ad
You Might Also Like...
Tags
NFL Quiz
1st Round
Draft
Player
round
Today's Top Quizzes in Sports
Browse Sports
hide this ad
Today's Top Quizzes in NFL
Browse NFL
Top Contributed Quizzes in Sports
1
Les meilleurs buteurs des matchs entre le PSG et l’OM
2
Les entraîneurs de l'OM et du PSG au 21e siècle
3
2022 World Cup Stars
4
FIFA Club World Cup Champions
5
Name the Premier League winners with different clubs
6
La finale Lions - Afrique du Sud 2021
7
Criteria MLB: Left Handed Sluggers
8
Players with Multiple 50 Home Run Seasons
9
MLB Players with Two .350 Batting Average Seasons
10
MLB Hall of Famer by Rings
Explore More
Trending Topics
NBA
Anime
Kpop
Disney
Marvel
Crossword
Harry Potter
Song
Country
WWE
NFL
Puzzle
The Office
Pokémon
Soccer
hide this ad
More By:
nfldarinh
Quiz
Plays
Rating
Category
Featured
Created
Top 10 NFL Passing, Rushing and Receiving Yards MINES
19,506
3.40
Sports
Jun 12, 2011
Top 300 NFL Career Passing Yards
7,263
4.50
Sports
Sep 29, 2011
NFL Every 100+ Yard Rusher since 1990
6,621
4.68
Sports
Dec 15, 2011
Top 300 NFL Career Rushing Yards
4,309
4.47
Sports
Sep 29, 2011
All NFL Players With 5+ 50+ Yard Offensive TD's 1980-2011
2,925
4.62
Sports
Oct 4, 2011
Go to Creator's Profile
Score Distribution
Quiz Creator Spotlight
nfldarinh
Follow
Send a Message
Quizzes Created
-
Created Quiz Play Count
-
More By This Creator
Popular Quizzes Today
1
Find the US States - No Outlines Minefield
2
The Countries of the World
3
Find the Countries of Europe - No Outlines Minefield
4
Popular People in 1961
5
1-10 Letter E Words III
6
Find the US States
7
One Thing in Common: World Cities II
8
US States
More Sports Quizzes
Finish It in 30: NFL Teams
Published
Trending Quizzes
Risky Map Clicking: Least Populous States A-Z
1-10 Letter F Words
1-10 Letter G Words
One Thing in Common: United Kingdom
Risky Map Clicking: Next State Alphabetically
Recently Updated
Leaping Animals
pecheneg
Reality TV Shows (A-Z)
bhenderson79
Rickey Henderson's Hall of Fame Teammates
pecheneg
Champions League XIs: Arsenal
pecheneg
Quick Pick: Celebrities in WWE's Hall of Fame
aduchscher
A-Z Keypad Blitz II
pecheneg
Multiple Oscar Actors
pecheneg
Mystery Phrase Blitz: Oscar 'Best Actors'
pecheneg
F. Scott Fitzgerald Novels
LTH
Pick 3 Villains
ddd62291
Trending Topics
Anime
NBA
Crossword
Harry Potter
Kpop
Marvel
Disney
WWE
Soccer
The Office
Puzzle
Song
Pokémon
NFL
Country
Your Account Isn't Verified!
In order to create a playlist on Sporcle, you need to verify the email address you used during registration. Go to your
Sporcle Settings
to finish the process.
Report this User
Report this user for behavior that violates our
Community Guidelines
.
Details:
Send Report
Go to the Sporcle.com Mobile Site →
Comments